Statystyki dla Państwa na literę W

Kliknij tutaj aby rozwiązać quiz!

Ogólne statystyki

  • Ten quiz został rozwiązany 41 712 razy
  • Średni wynik to 6 z 10

Statystyki odpowiedzi

Kraj% Poprawnych
Wenezuela
79%
Watykan
77%
Włochy
75%
Wielka Brytania
71%
Wietnam
68%
Węgry
59%
Wybrzeże Kości Słoniowej
41%
Wyspy Marshalla
34%
Wyspy Salomona
34%
Wyspy Świętego Tomasza i Książęca
32%

Rozkład punktacji

Percentyl według liczby udzielonych odpowiedzi

Procent ludzi z każdym wynikiem

Twoja historia wyników

Nie rozwiązałeś tego quizu